000 00452cam a2200181 4500
001 D16397
008 090401t1985 xxu||||| |||| 00| 0 eng d
035 _a(Sirsi) u29114
041 _aeng
050 _a333.33025
110 _aRoyal Institution of Chartered Surveyors
_94900
245 _aYear book 1986
260 _aLondon
_bWaterlow Publishers Ltd
_c1985
300 _alxiv. 1851p. 30cm
350 _a37.5
942 _n0
948 _c04/03/1997
999 _c89390
_d89390